000 00485cam a2200181ua 4500
001 5157
008 120729n ii |||gr||||Z||||||eng
040 _cMAIN
082 _a920
100 _aCooper, Alice Cecilia,
_eAuthor,
245 1 1 _aTen modern americans
_cby Alice Cecilia Cooper
250 _a1st.
260 _aDelhi:
_bS. Chand & company,
_c1961.
300 _a192p:
_c15cm.
653 _aBiography, genealogy & insignia
700 _aPalmer, Charles A.,
_eAuthor,
942 _cBK
999 _c4339
_d4339